| 000 | 00633nam a22002177a 4500 | ||
|---|---|---|---|
| 003 | UA-OsUOA | ||
| 001 | 77213 | ||
| 007 | ta | ||
| 008 | 20110905b un ||||| |||| 00| 0 ukr d | ||
| 090 |
_a349.7(470+571) _bС56 |
||
| 942 | _cBK | ||
| 040 |
_aUA-OsUOA _brus _cUA-OsUOA _dUA-OsUOA |
||
| 245 |
_aСоветское атомное право _cотв. ред.: акад. АМН СССР П.Н.Бургасов, проф. А.И.Иойрыш |
||
| 300 | _a206 с. | ||
| 955 | _a1 | ||
| 041 | _arus | ||
| 080 | _a349.7(470+571) | ||
| 260 |
_aМ. _bНаука _c1986 |
||
| 650 | 7 |
_a349.7 Атомне право _2UDC |
|
| 999 |
_c363510 _d363510 |
||